Priame zahraničné investície ako faktor ekonomického rastu

Salvato in:
Dettagli Bibliografici
Autore principale: Táncošová, Judita
Natura: Capitolo di libro
Lingua:slovacco
Tags: Aggiungi Tag
Nessun Tag, puoi essere il primo ad aggiungerne!!

MARC

LEADER 00000naa$a2200000$$$4500
001 0061672
005 20240502071708.0
041 0 |a slo 
044 |a SK 
245 1 0 |a Priame zahraničné investície ako faktor ekonomického rastu  |c Judita Táncošová 
100 1 |a Táncošová, Judita